Gaming Quiz

Random Gaming Quiz

Warhammer 40k Space Marine Chapters Quiz Stats

 Plays Quiz not verified by Sporcle

Also try: '90s Video Games
Challenge
Share
Tweet
Score 0/32 Timer 07:00
0 Plays Today
Number Chapter % Correct
#1Ultramarines
97.9%
#3Blood Angels
86.4%
#4Black Templars
80.9%
#7Dark Angels
79.8%
#2White Scars
75.5%
#12Imperial Fists
73.2%
#13Space Wolves
72.8%
#5Crimson Fists
72%
#26Salamanders
67.2%
#10Blood Ravens
65.6%
#27Grey Knights
64.7%
#18Legion of the Damned
57.8%
#29Iron Hands
49.1%
#24Raven Guard
45.4%
#16Flesh Tearers
44%
#8Red Scorpions
39.4%
Number Chapter % Correct
#21Howling Griffons
32%
#20Novamarines
29.1%
#17Lamenters
28.6%
#25Silver Skulls
27.8%
#14Black Dragons
23.8%
#15Exorcists
23.2%
#9Soul Drinkers
23%
#19Mantis Warriors
19.8%
#22Rainbow Warriors
17.5%
#30Celestial Lions
15.6%
#28Iron Snakes
15.5%
#31White Consuls
14.9%
#6Eagle Warriors
13.6%
#23Aurora Chapter
13.5%
#32Omega Marines
12.4%
#11Angels of Absolution
8.8%

You're not logged in!

Compare scores with friends on all Sporcle quizzes.
OR
Log In

You Might Also Like...

Show Comments

Extras

Top Quizzes Today


Score Distribution

Your Account Isn't Verified!

In order to create a playlist on Sporcle, you need to verify the email address you used during registration. Go to your Sporcle Settings to finish the process.

Report this User

Report this user for behavior that violates our Community Guidelines.

Details: